It looks like you're offline.
Open Library logo
additional options menu

MARC record from Internet Archive

LEADER: 00634nam^^2200217I^^4500
001 GLAD257966-B
005 20020429101111.0
008 850427s1922 xx 000 0 eng u
010 $a22015981
035 $aocm01512576
040 $cTLM$dCUY
050 0 $aTS1061$b.A9
100 1 $aAustin, William E.
245 10 $aPrinciples and practice of fur dressing and fur dyeing /$cby William E. Austin ...
260 $aNew York :$bVan Nostrand,$c1922.
300 $aiii-vi, 191 p. :$bill. ;$c24 cm.
650 0 $aFur.
650 0 $aTanning.
650 0 $aDyes and dyeing.
852 $aGLAD$bNRLF$hTS1061$i.A8$p$B 31 856
901 $aGLAD$b257966